Responses for show #4917 - Tuesday, January 17, 2006

Kevin Marshall game 6.

Contestants

Emily Short, a travel agent from New York, New York

Brian Poole, a support center analyst from Redondo Beach, California

Kevin Marshall, a student from Metairie, Louisiana (whose 5-day cash winnings total $90,202)

Jeopardy! Round responses

HISTORIC NAMES
HOOP STARS
AROUND THE NUCLEAR POWER PLANT
CITY FOODS
GOVERNMENT AT YOUR SERVICE
VERY JANUARY
    $200 1
the Plymouth Colony

Emily
    $200 11
Yao Ming

Brian
    $200 6
steam

Brian
    $200 21
London

Emily
    $200 12
the Selective Service

Kevin
    $200 26
Kofi Annan

Kevin
    $400 2
(Emily: Uh! Um... What is the suduhduhduhduh, uh!)
...
(Alex: Calm down, Emily, it's all right! It's all right, it's still early, you've got plenty of time.)

T.E. Lawrence (Lawrence of Arabia)

KevinEmily
    $400 17
Larry Bird

Kevin
    $400 7
rods

Kevin
    $400 22
Rome

Emily
    $400 13
the IRS

Kevin
    $400 27
(Emily: What is 6?)
(Brian: What is 4?)
...
(Alex: Ha, ha! Had to figure it out, too!)

7

KevinBrianEmily
    $600 3
(Alex: Good! See, just like that, you're out of the hole and tied for the lead!)
(Emily: Great!)

Bolivar

Emily
    $600 18
Dennis Rodman

Brian
    $600 8
a moderator

Kevin
    $600 23
Jerusalem

Emily
    $600 14
Customs

Kevin
    $600 28
[The end-of-round signal sounds.]

garnet

Emily
    $800 4
(Kevin: Who is Asclepius?)

Hippocrates

KevinBrian
    $800 19
(Kevin: Who is Joe Dumars?)
...
(Alex: Yes, Joe Dumars is head of the Knicks--not the Knicks, the Pistons, sorry.)

Isiah Thomas

KevinBrian
    $800 9
concrete

Brian
    $800 24
Baltimore

Emily
    $800 15
mediation

Brian
    $1,000 5
the Medicis

Brian
    $1000 20
Tim Duncan

Kevin
    $1000 10
the cooling towers

Kevin
    $1000 25
(Alex: Good for you, ran the category, you're right back in the thick of this.)
[Applause for Emily's run of the category]

Boston

Emily
    $1000 16
(Emily: What is U.S. Weather Service?)
(Alex: You're right, Emily.)
(Judges: [From offscreen] No! No!)
(Alex: Nope! Sorry! Kevin?)
(Kevin: What is the NOAA?)

the National Weather Service

KevinEmily
Triple Stumper

Scores at the first commercial break (after clue 14):

Kevin Brian Emily
$2,800 $3,000 $400

Scores at the end of the Jeopardy! Round:

Kevin Brian Emily
$3,000 $4,800 $2,600

Double Jeopardy! Round responses

GEOGRAPHY
SINGERS
VOCABULARY
HERO & VILLAIN
COLORIFIC
TAKE THIS CATEGORY LAST!!
(Alex: ...because all of the clues in this category are based on information from clues in the other categories. It will make no sense if you do not wait until the end.)
    $400 1
Mongolia

Kevin
    $400 7
Bob Dylan

Kevin
    $400 6
evidence

Kevin
    $400 21
Moriarty

Brian
    $400 16
pink

Brian
    $400 26
(Sue) Grafton

Kevin
    $800 2
New Guinea

Triple Stumper
    $800 8
Kenny Rogers

Brian
    $800 12
malice

Kevin
    $800 22
Tom Sawyer

Emily
    $800 17
blond

Brian
    $800 27
Risk

Kevin
    $1200 3
Venezuela

Kevin
    $1200 9
Billy Joel

Kevin
    $1200 13
deadbeat

Triple Stumper
    $2,800 23
(Alex: Is redemption an important word to you? You can see the score.)

Dorian Gray

Emily
    $1200 18
orange

Kevin
    $1200 28
"We Are The World"

Brian
    $1600 4
Greenland

Emily
    $1600 10
Paul Simon

Brian
    $1600 14
judgment

Triple Stumper
    $1600 24
(Alex: Not Quartermain, although we phrased it that way.)

Allan Quatermain

Triple Stumper
    $1600 19
Brown

Brian
    $1600 29
Reservoir Dogs

Triple Stumper
    $1,200 5
(Emily: What is the Archangel Peninsula?)
(Alex: No, you're in the right part of the world.)

the Kamchatka Peninsula

Emily
    $2000 11
Al Jarreau

Brian
    $2000 15
innocent

Triple Stumper
    $2000 25
(Captain) Nemo

Kevin
    $2000 20
blue laws

Emily
    $2000 30
(Emily: What is The League of Distinguished Gentlemen?)

The League of Extraordinary Gentlemen

BrianEmily

Scores at the end of the Double Jeopardy! Round:

Kevin Brian Emily
$11,800 $15,600 $6,600

[wagering suggestions for these scores]

Final Jeopardy! Round responses

WOMEN LEADERS
EmilyWhat is Indonesia?
$6,600
KevinWhat is Indonesia?
$3,801
BrianWhat is South Africa?
$8,001
Bangladesh

Final scores:

Kevin Brian Emily
$7,999 $7,599 $0
6-day champion: $98,201 2nd place: $2,000 3rd place: $1,000

Game dynamics:

Coryat scores:

Kevin Brian Emily
$11,800 $15,600 $6,200
21 R,
3 W
17 R
(including 1 DD),
1 W
12 R
(including 1 DD),
5 W
(including 1 DD)

Combined Coryat: $33,600

The J! Archive is created by fans, for fans. The Jeopardy! game show and all elements thereof, including but not limited to copyright and trademark thereto, are the property of Jeopardy Productions, Inc. and are protected under law. This website is not affiliated with, sponsored by, or operated by Jeopardy Productions, Inc. Join the discussion at JBoard.tv.